| 000 | 01001nam a2200289 i 4500 | ||
|---|---|---|---|
| 001 | bg | ||
| 100 | 1 | _aObracaj, Piotr. | |
| 245 | 1 | 0 |
_aSztuka teatru a ewolucja architektury scenicznej : _bod wzorów ateńskich po światową standaryzację włoskiej sceny barokowej / _cPiotr Obracaj. |
| 260 |
_aOpole : _bOficyna Wydawnicza Politechniki Opolskiej, _c2007. |
||
| 300 |
_a304 s. : _bil. (w tym kolor.) ; _c20x29 cm. |
||
| 490 | 1 |
_aSiM / Politechnika Opolska, _x1429-6063 ; _vz. 196 |
|
| 504 | _aBibliogr. s. 227-249. | ||
| 546 | _aStreszcz. ang. | ||
| 650 | 9 |
_aArchitektura _xhistoria |
|
| 650 | 9 |
_aTeatr _xbudownictwo _xhistoria |
|
| 830 | 0 |
_aStudia i Monografie - Politechnika Opolska _x1429-6063 _vz. 196 |
|
| 015 | _aPB 20524/2007 | ||
| 020 | _a9788360691205 | ||
| 040 | _cBPK | ||
| 041 | 0 |
_apol _beng |
|
| 044 | _aPOL | ||
| 080 | _a725.1::792(091)(02.025.2) | ||
| 920 | _a978-83-60691-20-5 | ||
| 920 | _a978-83-60691-20-5 | ||
| 942 | _cKS | ||
| 008 | 070824s2007 pl a |000 0 pol | ||
| 999 |
_c54071 _d54071 |
||
| 856 |
_uhttp://koha.tu.koszalin.pl/cgi-bin/koha/opac-detail.pl?biblionumber=54071 _yKatalog online BPK |
||